Realizácia všeobecnej bezpečnosti v podmienkach SR

Ochrana spotrebiteľa ako súčasť strategických cieľov Európskej únie. Právne predpisy (acquis) pre všeobecnú bezpečnosť nepotravinárskych výrobkov prevzaté do právneho poriadku Slovenskej republiky. Tvorba politiky a koordinácia v oblasti ochrany spotrebiteľa na vnútroštátnej úrovni zabezpečená Minis...

Celý popis

Uložené v:
Podrobná bibliografia
Hlavný autor: Bírošová, Zuzana
Ďalší autori: Látal, Jaromír
Médium: Kapitola
Jazyk:Slovak
Predmet:
Tagy: Pridať tag
Žiadne tagy, Buďte prvý, kto otaguje tento záznam!

MARC

LEADER 00000naa$a2200000$$$4500
001 0044934
005 20230511073037.1
041 0 |a slo 
044 |a SK 
245 1 0 |a Realizácia všeobecnej bezpečnosti v podmienkach SR  |c Zuzana Bírošová, Jaromír Látal 
520 |a Ochrana spotrebiteľa ako súčasť strategických cieľov Európskej únie. Právne predpisy (acquis) pre všeobecnú bezpečnosť nepotravinárskych výrobkov prevzaté do právneho poriadku Slovenskej republiky. Tvorba politiky a koordinácia v oblasti ochrany spotrebiteľa na vnútroštátnej úrovni zabezpečená Ministerstvom hospodárstva SR. Oblasť bezpečnosti služieb zatiaľ neošetrená jednotnými právnymi predpismi. Spoločné komunitárne pravidlá v oblasti bezpečnosti výrobkov. Informačný systém RAPEX zabezpečujúci rýchlu výmenu informácií o spotrebných výrobkoch ohrozujúcich bezpečnosť a zdravie spotrebiteľov. 
610 2 0 |a ochrana spotrebiteľa 
610 2 0 |a bezpečnosť výrobkov 
610 2 0 |a ochrana zdravia 
610 2 0 |a predpisy právne 
610 2 0 |a právo komunitárne 
610 2 0 |a služby 
610 2 0 |a normy 
610 2 0 |a Európska únia 
100 1 |a Bírošová, Zuzana 
700 1 |a Látal, Jaromír